[Event "e2e4 Diamond Jubilee Premier"]
[Site "London ENG"]
[Date "2012.06.03"]
[Round "2.34"]
[White "O'Donnell, Conor"]
[Black "Lee, Kai Jie Edward"]
[Result "0-1"]
[WhiteElo "1860"]
[BlackElo "2102"]
[WhiteFideId "2504243"]
[BlackFideId "5802920"]
[EventDate "2012.06.02"]

1. e4 e5 2. Nf3 Nf6 3. Nc3 Nc6 4. d4 exd4 5. Nxd4 Bb4 6. Nxc6 bxc6 7. Bd3 O-O 8.
O-O d5 9. exd5 cxd5 10. Bg5 c6 11. Qf3 Bd6 12. Rfe1 Rb8 13. Rab1 Be6 14. Ne2 h6
15. Bxf6 Qxf6 16. Qxf6 gxf6 17. Nd4 Bd7 18. Nf5 Bxf5 19. Bxf5 Be5 20. b3 Rb4 21.
Bd3 Rfb8 22. c4 Bc3 23. Rec1 d4 24. Rc2 a5 25. Re2 a4 26. Bc2 axb3 27. axb3 Ra8
28. g3 Kf8 29. Kg2 c5 30. Kf3 Rb6 31. Ke4 Re6+ 32. Kd3 Ke7 33. Rxe6+ fxe6 34. g4
Kd6 35. Rf1 e5 36. Ke4 Ke6 37. Kd3 Rg8 38. h3 f5 39. f3 h5 40. Rg1 Kf6 41. Ke2
hxg4 42. hxg4 Rh8 43. Rg2 fxg4 44. fxg4 Kg5 45. Be4 Rh3 46. Kf2 d3 47. Bf3 Kf4
48. Bd5 Rh1 0-1

[Event "e2e4 Diamond Jubilee Premier"]
[Site "London ENG"]
[Date "2012.06.03"]
[Round "2.35"]
[White "Orishko, Yaroslav"]
[Black "McDonald, Ian"]
[Result "1-0"]
[WhiteElo "2080"]
[BlackElo "1840"]
[WhiteFideId "14102919"]
[BlackFideId "2401541"]
[EventDate "2012.06.02"]

1. d4 Nf6 2. c4 e6 3. Nf3 d5 4. Nc3 Be7 5. cxd5 exd5 6. Bg5 h6 7. Bh4 O-O 8. e3
Re8 9. Bd3 b6 10. O-O Nbd7 11. Rc1 c5 12. Bg3 a6 13. Ne5 Bb7 14. Bb1 Bd6 15.
Nxf7 Kxf7 16. Bxd6 Kg8 17. Bg3 Ne4 18. Nxe4 dxe4 19. dxc5 Nxc5 20. Qxd8 Rexd8
21. Bc7 Rd2 22. Bxb6 Nd3 23. Rc7 Bd5 24. Bd4 Bf7 25. b3 Rd8 26. Rc2 Rxc2 27.
Bxc2 Rc8 28. Bb1 Bh5 29. f3 Bg6 30. Rd1 Nb4 31. fxe4 Nc2 32. e5 Kf7 33. a4 Ke6
34. b4 Kd5 35. b5 axb5 36. axb5 1-0

[Event "e2e4 Diamond Jubilee Premier"]
[Site "London ENG"]
[Date "2012.06.03"]
[Round "2.36"]
[White "Pattni, Kishan"]
[Black "Fox, Anthony"]
[Result "1/2-1/2"]
[WhiteElo "1736"]
[BlackElo "2110"]
[WhiteFideId "420751"]
[BlackFideId "2500736"]
[EventDate "2012.06.02"]

1. f4 d5 2. Nf3 g6 3. e3 Bg7 4. d3 Nf6 5. g3 O-O 6. Bg2 c5 7. O-O Nc6 8. Nh4 e5
9. f5 g5 10. Nf3 h6 11. Ne1 Qd6 12. Nc3 a6 13. e4 d4 14. Nb1 b5 15. b3 a5 16. a4
bxa4 17. Rxa4 Nb4 18. Na3 Bd7 19. Nc4 Qc7 20. Ra1 a4 21. bxa4 Rxa4 22. Rxa4 Bxa4
23. Ba3 Bb5 24. Qd2 Bxc4 25. Bxb4 Ba6 26. Ba3 Rb8 27. Nf3 c4 28. Ra1 c3 29. Qc1
Bc8 30. h3 Nh5 31. Kf2 Nf6 32. Rb1 g4 33. Nh2 gxh3 34. Bxh3 Bd7 35. Rb4 Rxb4 36.
Bxb4 Qb8 37. Qa3 Bc6 38. Bg2 Nd7 39. Bf3 Qb5 40. Bd1 Bf6 41. Qb3 Qa4 42. Qxa4
Bxa4 43. Nf3 Bg5 44. Nxg5 hxg5 45. Kf3 Kg7 46. Kg4 f6 47. Kf3 Nb8 48. Ba3 Nc6
49. g4 Kf7 50. Ke2 Ke8 51. Ke1 Kd7 52. Ke2 Nd8 53. Kf3 Nf7 54. Bf8 Nd6 55. Ke2
Bb5 56. Ke1 Nc8 57. Ba3 Nd6 58. Be2 Ba4 59. Kd1 Bb5 60. Bf3 Nc8 61. Kc1 Ba4 62.
Kb1 Nd6 63. Bd1 Nb5 64. Bf8 Nd6 65. Ka2 Nb5 66. Bb4 Ke8 1/2-1/2

[Event "e2e4 Diamond Jubilee Premier"]
[Site "London ENG"]
[Date "2012.06.03"]
[Round "2.38"]
[White "Mihajlov, Sebastian"]
[Black "Matthew, Ian G"]
[Result "1-0"]
[WhiteElo "2064"]
[BlackElo "1930"]
[WhiteFideId "1512110"]
[BlackFideId "423165"]
[EventDate "2012.06.02"]

1. d4 d5 2. c4 Nc6 3. cxd5 Qxd5 4. e3 e5 5. Nc3 Bb4 6. Bd2 Bxc3 7. bxc3 exd4 8.
cxd4 Nf6 9. Ne2 Bf5 10. Nc3 Qd7 11. Be2 O-O 12. O-O Rfe8 13. Rc1 a6 14. Na4 Qe7
15. Bf3 Ne4 16. Nc5 Ra7 17. Nxb7 Nxd4 18. exd4 Rxb7 19. Re1 Qd7 20. Bf4 c6 21.
Qd3 Nd6 22. Qxa6 Rxe1+ 23. Rxe1 Ne4 24. Bxe4 Bxe4 25. Qa8+ 1-0

[Event "e2e4 Diamond Jubilee Premier"]
[Site "London ENG"]
[Date "2012.06.03"]
[Round "2.39"]
[White "Tarhon, Brian"]
[Black "Donovan, Nigel P"]
[Result "1/2-1/2"]
[WhiteElo "1769"]
[BlackElo "2033"]
[WhiteFideId "423190"]
[BlackFideId "403822"]
[EventDate "2012.06.02"]

1. e4 c5 2. Nf3 e6 3. d4 cxd4 4. Nxd4 Nf6 5. Nc3 d6 6. Be3 a6 7. f3 b5 8. Qd2
Nbd7 9. O-O-O Bb7 10. g4 h6 11. h4 b4 12. Nce2 d5 13. Ng3 dxe4 14. g5 hxg5 15.
hxg5 Rxh1 16. Nxh1 Nd5 17. fxe4 Nxe3 18. Qxe3 Be7 19. Nf3 Qc7 20. Bh3 Bc5 21.
Qe1 Qf4+ 22. Nd2 Qxg5 23. Kb1 O-O-O 24. Nb3 Be7 25. Qf1 Nb6 26. Rxd8+ Bxd8 27.
Qxf7 Qg1+ 28. Qf1 Qxf1+ 29. Bxf1 Bh4 30. Nc5 Nd7 31. Nxe6 Bxe4 32. Bxa6+ Kb8 33.
Nxg7 Bxh1 34. a3 Bf6 35. Nf5 b3 36. Kc1 Bg5+ 37. Kb1 Be4 38. Nd4 Nc5 39. Bc4
bxc2+ 40. Nxc2 Nd3 41. b4 Ne1 42. Bb3 Kc7 43. Kb2 Bf6+ 44. Kc1 Bg5+ 1/2-1/2

[Event "e2e4 Diamond Jubilee Premier"]
[Site "London ENG"]
[Date "2012.06.03"]
[Round "2.40"]
[White "Stewart, Ashley"]
[Black "Shepherd, Katherine M"]
[Result "1-0"]
[WhiteElo "1994"]
[BlackElo "1763"]
[WhiteFideId "419001"]
[BlackFideId "412031"]
[EventDate "2012.06.02"]

1. c4 c6 2. Nf3 d5 3. d4 Nf6 4. e3 Bf5 5. Nc3 e6 6. Nh4 Bg4 7. Qb3 Qb6 8. h3 Bh5
9. g4 Bg6 10. Nxg6 hxg6 11. Bg2 Nbd7 12. Bd2 Be7 13. g5 Ng8 14. h4 Bd8 15. Qxb6
Nxb6 16. cxd5 exd5 17. Ne2 Ne7 18. Ng3 Bc7 19. f4 f6 20. Kf2 Kf7 21. b3 Rae8 22.
Bf3 fxg5 23. hxg5 Nbc8 24. a4 Nd6 25. Bg4 Nef5 26. Bxf5 gxf5 27. Bb4 Rxh1 28.
Rxh1 Ne4+ 29. Nxe4 dxe4 30. Bc5 a6 31. Kg3 Kg8 32. Ba3 Re6 33. Rd1 Bd6 34. Bc5
Rg6 35. Kh4 Kf7 36. b4 b6 37. Bxb6 Bxb4 38. Bc5 Ba5 39. Rb1 Re6 40. Rb7+ Kg6 41.
Bf8 Be1+ 42. Kh3 Re8 43. Rxg7+ Kh5 44. Rh7+ Kg6 45. Rg7+ Kh5 46. Rh7+ Kg6 47.
Rh6+ Kf7 48. Rf6+ Kg8 49. Bc5 Kg7 50. Rxc6 Rh8+ 51. Kg2 Bd2 52. Rc7+ Kg6 53.
Rc6+ Kh5 54. Kf2 Kg4 55. Rh6 Rb8 56. Rb6 Rh8 57. Rh6 Rb8 58. g6 Rb2 59. g7 Ba5+
60. Kf1 Rb1+ 61. Ke2 Rb2+ 62. Kd1 Kf3 63. g8=Q Rg2 64. Qxg2+ Kxg2 65. Ke2 Bd8
66. Rg6+ Kh3 67. Rxa6 Kg4 68. Ra8 Bc7 69. a5 Kh5 70. a6 Kg6 71. a7 Kf7 72. Rc8
Ke6 73. Rxc7 Kd5 74. a8=Q+ Ke6 1-0

[Event "e2e4 Diamond Jubilee Premier"]
[Site "London ENG"]
[Date "2012.06.03"]
[Round "2.41"]
[White "Collins, Andrew"]
[Black "Olsson, Tomas"]
[Result "0-1"]
[WhiteElo "1685"]
[BlackElo "1992"]
[WhiteFideId "425907"]
[BlackFideId "1702696"]
[EventDate "2012.06.02"]

1. e4 e5 2. Nf3 Nc6 3. Bb5 a6 4. Ba4 d6 5. O-O Bg4 6. Bxc6+ bxc6 7. d3 Nf6 8.
Re1 Be7 9. Nbd2 O-O 10. Nf1 Re8 11. h3 Bd7 12. Ng3 Bf8 13. Bg5 h6 14. Bd2 Kh7
15. d4 exd4 16. Nxd4 c5 17. Nb3 Bc6 18. f3 Rb8 19. Bc3 Ba8 20. Qd3 Nd7 21. Qxa6
Qg5 22. Nf5 d5 23. Bd2 Qh5 24. g4 Qxh3 25. Qf1 Qxf1+ 26. Rxf1 dxe4 27. f4 c4 28.
Na5 Rxb2 29. Nxc4 Rxc2 30. Rfc1 Rxc1+ 31. Rxc1 Nc5 32. Ne5 f6 33. Ng6 0-1

[Event "e2e4 Diamond Jubilee Premier"]
[Site "London ENG"]
[Date "2012.06.03"]
[Round "2.42"]
[White "Taylor, Dale C"]
[Black "Gupta, Arul"]
[Result "1-0"]
[WhiteElo "1990"]
[BlackElo "1697"]
[WhiteFideId "416410"]
[BlackFideId "422622"]
[EventDate "2012.06.02"]

1. Nf3 d5 2. c4 c6 3. b3 Nf6 4. g3 Bg4 5. Bg2 e6 6. O-O Nbd7 7. Bb2 Bd6 8. d3
O-O 9. Nbd2 e5 10. h3 Bh5 11. Nh4 Qc7 12. Nf5 Bc5 13. cxd5 cxd5 14. Rc1 Qb6 15.
d4 exd4 16. Nf3 Bxf3 17. exf3 Ne5 18. Bxd4 Bxd4 19. Qxd4 Qe6 20. g4 Nc6 21. Qe3
Rad8 22. Nd4 Qxe3 23. fxe3 Rd6 24. Rc3 Nxd4 25. exd4 Ra6 26. g5 Nd7 27. Rc7 Nb6
28. a4 Re8 29. Rfc1 g6 30. Bf1 Na8 31. Rxb7 Rb6 32. Rxb6 Nxb6 33. Kf2 Re6 34.
Rc7 Kf8 35. Rxa7 Re7 36. Rxe7 Kxe7 37. a5 Nc8 38. Bb5 f6 39. gxf6+ Kxf6 40. a6
Na7 41. Bd3 Ke6 42. b4 Kd6 43. b5 Kc7 44. Kg3 Nc8 45. Kg4 Kb6 46. Kg5 Nd6 47.
Kh6 Nc4 48. Kxh7 Nd2 49. f4 Nf3 50. Kxg6 Nxd4 51. f5 Nf3 52. Bf1 Ne5+ 53. Kg7 d4
54. f6 1-0

[Event "e2e4 Diamond Jubilee Premier"]
[Site "London ENG"]
[Date "2012.06.03"]
[Round "3.1"]
[White "Collins, Sam E."]
[Black "Sumets, Andrey"]
[Result "1/2-1/2"]
[WhiteTitle "IM"]
[BlackTitle "GM"]
[WhiteElo "2428"]
[BlackElo "2599"]
[WhiteFideId "2501198"]
[BlackFideId "14105500"]
[EventDate "2012.06.02"]

1. e4 e6 2. d4 d5 3. Nc3 Nf6 4. e5 Nfd7 5. f4 c5 6. Nf3 Nc6 7. Be3 cxd4 8. Nxd4
Bc5 9. Qd2 O-O 10. O-O-O a6 11. Qf2 Nxd4 12. Bxd4 b6 13. h4 f6 14. exf6 Qxf6 15.
g3 Bb7 16. Bh3 e5 17. Bxc5 Nxc5 18. Nxd5 Qf7 19. Nxb6 Ne4 20. Qe3 Qxa2 21. Qa3
Qxa3 22. bxa3 Rae8 23. Rhe1 exf4 24. gxf4 Rxf4 25. Rd7 Bc6 26. Rc7 Rxh4 27. Bc8
Ng5 28. Rg1 Rh1 29. Rxh1 Bxh1 30. Bxa6 Bf3 1/2-1/2

[Event "e2e4 Diamond Jubilee Premier"]
[Site "London ENG"]
[Date "2012.06.03"]
[Round "3.2"]
[White "Sipila, Vilka"]
[Black "Williams, Simon K"]
[Result "1/2-1/2"]
[WhiteTitle "FM"]
[BlackTitle "GM"]
[WhiteElo "2393"]
[BlackElo "2513"]
[WhiteFideId "505455"]
[BlackFideId "404454"]
[EventDate "2012.06.02"]

1. f4 d5 2. e3 g6 3. c4 Nf6 4. Nf3 Bg7 5. cxd5 Nxd5 6. Nc3 O-O 7. Qb3 Nb6 8. Be2
c5 9. O-O Nc6 10. d3 Bf5 11. Qd1 Qc7 12. Nh4 Rad8 13. Nxf5 gxf5 14. Qc2 Nb4 15.
Qb1 Qd7 16. Rd1 Qe6 17. Bd2 N6d5 18. Kf2 Rd6 19. a3 Nxc3 20. bxc3 Nd5 21. c4
Nxf4 22. exf4 Bd4+ 23. Kf1 Qh6 24. Qc1 Re6 25. Bc3 Be3 26. Bd2 Bd4 27. Bc3 Rd8
28. Bxd4 Rxd4 29. Bf3 Qxh2 30. Re1 Rg6 31. Qe3 Rxf4 32. Qf2 Kf8 33. Ra2 b6 34.
a4 Rd4 35. Rd2 h5 36. Qg1 Qd6 37. Bxh5 Rf4+ 38. Rf2 Qxd3+ 39. Be2 Qe4 40. Rxf4
Qxf4+ 41. Qf2 Qh2 42. Bf3 Rh6 43. g3 Qh3+ 44. Qg2 f4 45. g4 Qh4 46. Re5 Rd6 47.
Rd5 Re6 48. Rd8+ Kg7 49. Qb2+ f6 50. Qf2 Qh3+ 51. Qg2 Qh7 52. Qh1 Qxh1+ 53. Bxh1
Re3 54. Ra8 Ra3 55. Bc6 Kh6 56. Rxa7 e5 57. Be4 Kg5 58. Rg7+ Kh4 59. Kf2 Rxa4
60. Rh7+ Kxg4 61. Rg7+ Kh4 62. Rh7+ 1/2-1/2

[Event "e2e4 Diamond Jubilee Premier"]
[Site "London ENG"]
[Date "2012.06.03"]
[Round "3.3"]
[White "Hebden, Mark L"]
[Black "Zhou, Yang-Fan"]
[Result "1/2-1/2"]
[WhiteTitle "GM"]
[BlackTitle "IM"]
[WhiteElo "2512"]
[BlackElo "2438"]
[WhiteFideId "400084"]
[BlackFideId "468584"]
[EventDate "2012.06.02"]

1. d4 Nf6 2. Nf3 g6 3. Nc3 d5 4. Bf4 Bg7 5. Qd2 O-O 6. Bh6 Nc6 7. Bxg7 Kxg7 8.
O-O-O a6 9. e3 Qd6 10. h3 b5 11. Bd3 b4 12. Na4 a5 13. Kb1 e5 14. dxe5 Nxe5 15.
Nxe5 Qxe5 16. g4 Qd6 17. g5 Nd7 18. Be2 Kg8 19. f4 Bb7 20. Bf3 Bc6 21. Bxd5 Bxa4
22. Bxa8 Qxd2 23. Rxd2 Rxa8 24. Rhd1 Nb6 25. Rd8+ Rxd8 26. Rxd8+ Kg7 27. e4 h6
28. h4 Bc6 29. Rd4 f5 30. gxf6+ Kxf6 31. b3 Ke6 32. Kb2 Bb7 33. a3 bxa3+ 34.
Kxa3 h5 35. c3 Nc8 36. Ra4 Nd6 37. Rxa5 Bxe4 38. c4 Kd7 39. Re5 Bf5 40. Kb4 Be6
41. Re2 Bg4 42. Rh2 Ne4 43. Kb5 Kd6 44. b4 Nc3+ 45. Ka5 Kc6 46. Rd2 Ne2 47. Rd5
Nxf4 48. b5+ Kb7 49. Rd8 Ne6 50. Rh8 Be2 51. Kb4 c5+ 52. Kc3 Bg4 53. Rh7+ Kb6
54. Rd7 Bf5 55. Rd6+ Kb7 56. Rc6 g5 57. hxg5 h4 58. g6 h3 59. g7 Nxg7 60. Rf6
Be4 61. Rh6 Bg2 62. Rh7 Kc8 63. Rh8+ Kc7 64. Rh7 Kc8 65. Rh8+ Kc7 66. Rh7 Kd6
67. b6 Ke5 68. Rxh3 Ne6 69. Rh8 Kd6 70. Rb8 Nd4 71. b7 Kc7 72. Rc8+ Kxb7 73.
Rxc5 Nc6 74. Rb5+ Kc7 75. Rb2 Be4 76. Re2 Bg6 77. c5 Bf7 78. Rg2 Nd8 79. Rg7 Kc6
80. Kb4 Bd5 81. Ra7 Nb7 82. Ra6+ Kc7 83. Kb5 Nd8 84. Rh6 Bc6+ 85. Kc4 1/2-1/2

[Event "e2e4 Diamond Jubilee Premier"]
[Site "London ENG"]
[Date "2012.06.03"]
[Round "3.4"]
[White "Vovk, Yuri"]
[Black "Astaneh Lopez, Alex"]
[Result "1-0"]
[WhiteTitle "GM"]
[BlackTitle "IM"]
[WhiteElo "2562"]
[BlackElo "2402"]
[WhiteFideId "14113171"]
[BlackFideId "2501430"]
[EventDate "2012.06.02"]

1. d4 Nf6 2. c4 g6 3. Nc3 d5 4. Bg5 Bg7 5. Bxf6 Bxf6 6. cxd5 O-O 7. e4 c6 8. e5
Bg7 9. Bc4 b5 10. Bd3 b4 11. Nce2 Qxd5 12. Qc2 Qxg2 13. Ng3 Qd5 14. N1e2 Ba6 15.
Be4 Qc4 16. Qd2 Rd8 17. Rc1 Qb5 18. f4 Bb7 19. f5 Nd7 20. fxg6 hxg6 21. Qg5 Nf8
22. O-O Qb6 23. Kh1 Rd7 24. Nf4 f6 25. Qg4 Rxd4 26. Nxg6 Nxg6 27. Qxg6 c5 28.
Bxb7 Qxb7+ 29. Kg1 Rd2 30. Nh5 1-0

[Event "e2e4 Diamond Jubilee Premier"]
[Site "London ENG"]
[Date "2012.06.03"]
[Round "3.5"]
[White "Thompson, Robert"]
[Black "Vovk, Andrey"]
[Result "0-1"]
[BlackTitle "GM"]
[WhiteElo "1965"]
[BlackElo "2549"]
[WhiteFideId "417513"]
[BlackFideId "14114470"]
[EventDate "2012.06.02"]

1. c4 Nf6 2. g3 g6 3. Bg2 Bg7 4. Nf3 O-O 5. O-O d6 6. d4 Nc6 7. Nc3 a6 8. Qc2
Bf5 9. e4 Bg4 10. Be3 Qc8 11. Rfe1 Bxf3 12. Bxf3 Ng4 13. Bxg4 Qxg4 14. Qd1 Qd7
15. Rc1 e5 16. Ne2 exd4 17. Nxd4 Rae8 18. f3 Ne5 19. Kg2 b5 20. b3 bxc4 21. bxc4
Rb8 22. Nb3 f5 23. c5 fxe4 24. fxe4 Qa4 25. Qd5+ Kh8 26. Nd2 c6 27. Qxd6 Rbd8
28. Qe6 Nd3 29. Qb3 Qa5 30. Qc2 Nxe1+ 31. Rxe1 Rb8 32. Rb1 Rxb1 33. Qxb1 Qb5 34.
Qe1 Qd3 35. Bf4 Bc3 36. Qf1 Qxf1+ 37. Nxf1 Bd4 38. Be3 Bxe3 39. Nxe3 Rb8 40. Nc4
Rb5 0-1

[Event "e2e4 Diamond Jubilee Premier"]
[Site "London ENG"]
[Date "2012.06.03"]
[Round "3.6"]
[White "Rausis, Igor"]
[Black "Snape, Ian L"]
[Result "1-0"]
[WhiteTitle "GM"]
[WhiteElo "2514"]
[BlackElo "2229"]
[WhiteFideId "11600098"]
[BlackFideId "404489"]
[EventDate "2012.06.02"]

1. e4 Nf6 2. Nc3 d5 3. e5 Nfd7 4. d4 c5 5. Nf3 e6 6. Ne2 cxd4 7. Nexd4 Nc6 8.
Bb5 Qc7 9. O-O Be7 10. Bg5 Bxg5 11. Nxg5 Qxe5 12. Ngxe6 fxe6 13. Bxc6 O-O 14.
Bxd7 Bxd7 15. Qd2 Rf4 16. c3 Raf8 17. Rae1 Qd6 18. g3 e5 19. gxf4 exd4 20. Qxd4
Bh3 21. Re5 Bxf1 22. Kxf1 Qa6+ 23. Kg2 Qxa2 24. Re7 Rf7 25. Re8+ Rf8 26. Qe5 d4
27. Rxf8+ Kxf8 28. Qb8+ Ke7 29. Qxb7+ Kf6 30. Qc6+ Kf7 31. Qd7+ Kf8 32. Qd8+ Kf7
33. Qxd4 Qxb2 34. Qxa7+ Kg6 35. Qe3 Qb7+ 36. Qf3 Qb1 37. Qg4+ Kf7 38. Qd7+ Kf6
39. Qd6+ Kf7 40. Qd5+ Kf8 41. f5 Qc1 42. Qd6+ Kf7 43. Qe6+ Kf8 44. Qe3 Qc2 45.
Kg3 Kf7 46. Kf4 h6 47. h4 Qa4+ 48. Qe4 Qd1 49. Ke5 Qg1 50. Qd5+ Kf8 51. Ke6 Kg8
52. Ke7+ Kh8 53. Kf8 1-0

[Event "e2e4 Diamond Jubilee Premier"]
[Site "London ENG"]
[Date "2012.06.03"]
[Round "3.7"]
[White "Tozer, Philip A A"]
[Black "Cobb, James"]
[Result "0-1"]
[BlackTitle "IM"]
[WhiteElo "2199"]
[BlackElo "2411"]
[WhiteFideId "419982"]
[BlackFideId "1800949"]
[EventDate "2012.06.02"]

1. c4 e6 2. g3 d5 3. Bg2 Nf6 4. Nf3 Be7 5. O-O O-O 6. b3 c5 7. Bb2 d4 8. e3 Nc6
9. exd4 cxd4 10. Re1 Ne8 11. Ne5 Nxe5 12. Rxe5 f6 13. Re1 e5 14. Na3 Nc7 15. Nc2
Rb8 16. d3 b5 17. Qd2 bxc4 18. dxc4 Bb7 19. Rad1 Bxg2 20. Kxg2 Qd7 21. Qd3 Ne6
22. Ne3 Qb7+ 23. Nd5 Nc7 24. Qe4 Nxd5 25. cxd5 Rbd8 26. Rc1 Bb4 27. Red1 Qxd5
28. Qxd5+ Rxd5 29. Rc7 Bc5 30. Rxc5 Rxc5 31. Ba3 Rc2 32. Bxf8 Kxf8 33. a4 Ke7 0-1

[Event "e2e4 Diamond Jubilee Premier"]
[Site "London ENG"]
[Date "2012.06.03"]
[Round "3.8"]
[White "Anderson, John"]
[Black "Sowray, Peter J"]
[Result "0-1"]
[BlackTitle "FM"]
[WhiteElo "2195"]
[BlackElo "2376"]
[WhiteFideId "405353"]
[BlackFideId "400971"]
[EventDate "2012.06.02"]

1. e4 c5 2. Nf3 e6 3. Nc3 d6 4. d4 cxd4 5. Nxd4 Nf6 6. Be2 Be7 7. O-O a6 8. f4
Nc6 9. Be3 O-O 10. Qe1 Bd7 11. Nb3 Rc8 12. Qg3 Nb4 13. Nd4 Rxc3 14. bxc3 Nxe4
15. Qe1 Nd5 16. Bc1 Ndxc3 17. Bd3 f5 18. Kh1 Bh4 19. Qe3 Bf2 20. Rxf2 Nd1 21.
Qe2 Ndxf2+ 22. Kg1 Nxd3 23. cxd3 Nc5 24. Rb1 Qc7 25. Be3 Bc8 26. Qc2 Qe7 27. Nb3
Nxb3 28. Rxb3 e5 29. fxe5 Qxe5 30. Bf2 f4 31. h3 f3 32. d4 Qg5 33. Be3 Qd5 34.
Rc3 Be6 35. Rc7 fxg2 36. Qxg2 Qxg2+ 37. Kxg2 Bxa2 38. Kg3 Bd5 39. Bf4 Rf6 40.
Rd7 h6 41. Bxd6 Rf3+ 42. Kg4 Rd3 43. Rd8+ Kh7 44. Be5 Be6+ 45. Kf4 Bxh3 46. Re8
Rd1 47. Re7 Rg1 48. Rxb7 Rg4+ 49. Ke3 Bg2 50. Ra7 Rg6 51. Rd7 Bc6 52. Rd8 Re6
53. Kf4 Re7 54. Kf5 Bd7+ 55. Ke4 Bb5 56. d5 Kg6 57. d6 Re8 0-1

[Event "e2e4 Diamond Jubilee Premier"]
[Site "London ENG"]
[Date "2012.06.03"]
[Round "3.9"]
[White "Eggleston, David J"]
[Black "Walton, Alan J"]
[Result "1-0"]
[WhiteTitle "FM"]
[BlackTitle "CM"]
[WhiteElo "2327"]
[BlackElo "2179"]
[WhiteFideId "412120"]
[BlackFideId "409898"]
[EventDate "2012.06.02"]

1. e4 e6 2. d4 d5 3. Nc3 Nf6 4. e5 Nfd7 5. f4 c5 6. Nf3 Nc6 7. Be3 a6 8. Qd2 b5
9. a3 Qb6 10. Ne2 Bb7 11. dxc5 Bxc5 12. Ned4 g5 13. fxg5 Ndxe5 14. c3 Nc4 15.
Bxc4 dxc4 16. Qe2 O-O-O 17. O-O e5 18. Nf5 Bxe3+ 19. Qxe3 Qxe3+ 20. Nxe3 Rhg8
21. Nh4 Rxg5 22. Rxf7 Rd3 23. Nhf5 Nd8 24. Rf6 Kb8 25. Re1 h5 26. h4 Rg8 27. Re2
Ka7 28. Nd6 Bc6 29. Nc8+ Kb7 30. Ne7 Rg3 31. N3f5 Rd1+ 32. Kh2 Rg4 33. Rg6 Rxg6
34. Nxg6 Nf7 35. Nfe7 Rd6 36. Nxe5 Nxe5 37. Rxe5 Rd2 38. Nxc6 Kxc6 39. Rxh5 Rxb2
40. Rg5 Rd2 41. h5 a5 42. Rg6+ Kc5 43. h6 Rd7 44. g4 Rd2+ 45. Kg3 Rd3+ 46. Kh4
Rxc3 47. h7 1-0

[Event "e2e4 Diamond Jubilee Premier"]
[Site "London ENG"]
[Date "2012.06.03"]
[Round "3.10"]
[White "Pace, Colin"]
[Black "Longson, Alexander"]
[Result "0-1"]
[WhiteTitle "CM"]
[WhiteElo "2128"]
[BlackElo "2274"]
[WhiteFideId "5600189"]
[BlackFideId "408093"]
[EventDate "2012.06.02"]

1. e4 c5 2. Nf3 d6 3. d4 cxd4 4. Nxd4 Nf6 5. Nc3 a6 6. Bc4 e6 7. Bb3 b5 8. O-O
Be7 9. Qf3 Qb6 10. Be3 Qb7 11. Qg3 b4 12. Na4 Nbd7 13. f3 O-O 14. Rad1 Kh8 15.
c3 bxc3 16. Nxc3 Nc5 17. Na4 Nxb3 18. Nxb3 Qb5 19. Nb6 Rb8 20. Nxc8 Rfxc8 21.
Bd4 e5 22. Bc3 Nh5 23. Qe1 Nf4 24. Nc1 Ne6 25. Nd3 Bd8 26. Kh1 a5 27. Nf2 Rc6
28. Rd5 Qc4 29. Bxa5 Bxa5 30. Rxa5 Rxb2 31. Ra8+ Rc8 32. Rxc8+ Qxc8 33. a4 Qc4
34. Qc1 Rc2 35. Qb1 h5 36. Nh3 Kh7 37. a5 Ra2 38. f4 f6 39. Qd1 Qxe4 40. Qxh5+
Kg8 41. Qe8+ Nf8 42. Rg1 Rxa5 43. fxe5 dxe5 44. Rf1 Ra2 45. Qf7+ Kxf7 46. Ng5+
Kg6 47. Nxe4 Ne6 48. Nc3 Rc2 49. Nd5 Nd4 50. Ne3 Re2 51. Nd5 Kg5 52. Nc3 Rc2 53.
Ne4+ Kg6 54. h3 f5 55. Ng3 Kg5 56. Kg1 g6 57. Rd1 Kf4 58. Nf1 Ne2+ 59. Kh2 e4
60. Re1 Rc1 61. Rxe2 Rxf1 62. Ra2 e3 63. Ra4+ Ke5 64. Ra8 Kd4 65. Rd8+ Kc3 66.
Rc8+ Kd2 67. Rd8+ Ke1 68. Rd4 e2 69. Kg3 Rh1 70. h4 f4+ 71. Kxf4 Kf2 0-1

[Event "e2e4 Diamond Jubilee Premier"]
[Site "London ENG"]
[Date "2012.06.03"]
[Round "3.11"]
[White "McMahon, Daire"]
[Black "Jaunooby, Ali R"]
[Result "0-1"]
[WhiteTitle "FM"]
[WhiteElo "2229"]
[BlackElo "2158"]
[WhiteFideId "2500477"]
[BlackFideId "413291"]
[EventDate "2012.06.02"]

1. d4 Nf6 2. c4 c6 3. Nf3 d5 4. e3 a6 5. Bd3 b5 6. cxd5 cxd5 7. O-O Bg4 8. a4 b4
9. a5 Nbd7 10. h3 Bh5 11. Nbd2 e6 12. Qa4 Qc7 13. Ne5 Bd6 14. Nb3 Ne4 15. f3 Ng3
16. Re1 Bxe5 17. dxe5 O-O 18. f4 Rfb8 19. Bd2 Bg6 20. Bxg6 hxg6 21. Rac1 Qa7 22.
Bxb4 Qb7 23. Bc3 Ne4 24. Nd4 Ndc5 25. Qc2 Rc8 26. Qe2 Na4 27. Rc2 Naxc3 28. bxc3
Rxc3 29. Rec1 Rac8 30. Rxc3 Rxc3 31. Rxc3 Nxc3 32. Qc2 Qb4 33. Qb3 Qxa5 34. Qb8+
Kh7 35. Nf3 Ne4 36. Qb7 Qc5 37. Qxf7 Qxe3+ 38. Kh2 d4 39. Qxe6 Qf2 0-1

[Event "e2e4 Diamond Jubilee Premier"]
[Site "London ENG"]
[Date "2012.06.03"]
[Round "3.12"]
[White "Sarakauskas, Gediminas"]
[Black "Batchelor, Peter J"]
[Result "1/2-1/2"]
[WhiteTitle "IM"]
[WhiteElo "2403"]
[BlackElo "2050"]
[WhiteFideId "12800724"]
[BlackFideId "424854"]
[EventDate "2012.06.02"]

1. Nf3 Nf6 2. c4 c6 3. Nc3 d5 4. e3 g6 5. b3 Bg7 6. Bb2 O-O 7. Be2 Bg4 8. O-O
Nbd7 9. d4 Re8 10. Rc1 a6 11. Re1 Rc8 12. h3 Bxf3 13. Bxf3 dxc4 14. bxc4 e5 15.
Qc2 exd4 16. exd4 Rxe1+ 17. Rxe1 Nf8 18. Qd2 Qa5 19. Ne4 Qxd2 20. Nxd2 Ne6 21.
d5 cxd5 22. cxd5 Ng5 23. d6 Nxf3+ 24. Nxf3 Rd8 25. Re7 Nd5 26. Bxg7 Kxg7 27.
Rxb7 Rxd6 28. Ne5 Rf6 29. g3 g5 30. Kg2 Rf5 31. Nc4 Rf6 32. Rd7 Nb6 33. Rd4 Nxc4
34. Rxc4 Kg6 35. a4 Re6 36. Kf3 h5 37. h4 f6 38. hxg5 fxg5 39. Rb4 Kf5 40. g4+
hxg4+ 41. Rxg4 Rc6 42. Rd4 Rc3+ 43. Kg2 Ke5 44. Rg4 Kf5 45. Rd4 Ke5 1/2-1/2

[Event "e2e4 Diamond Jubilee Premier"]
[Site "London ENG"]
[Date "2012.06.03"]
[Round "3.13"]
[White "Buckley, Graeme N"]
[Black "Foo, William J"]
[Result "1-0"]
[WhiteTitle "IM"]
[WhiteElo "2363"]
[BlackElo "1959"]
[WhiteFideId "402265"]
[BlackFideId "419753"]
[EventDate "2012.06.02"]

1. d4 d5 2. c4 c6 3. Nf3 Nf6 4. Nc3 a6 5. e3 b5 6. b3 Bg4 7. Be2 e6 8. O-O Nbd7
9. h3 Bh5 10. Bb2 Bd6 11. Ne5 Bxe2 12. Nxe2 bxc4 13. bxc4 Bxe5 14. dxe5 Ne4 15.
f3 Nec5 16. Qd4 Rb8 17. cxd5 cxd5 18. Rac1 Qa5 19. Rc2 O-O 20. Rfc1 Rb4 21. Qd2
Rb5 22. Bc3 Qd8 23. Nd4 Rb7 24. Ba5 Qg5 25. f4 Qg6 26. Rxc5 Nxc5 27. Rxc5 Rb1+
28. Kh2 Qe4 29. Nb3 f6 30. Bc3 Rf1 31. exf6 gxf6 32. Qe2 Qb1 33. Qg4+ Kf7 34.
Rc7+ Ke8 35. Qxe6+ 1-0